000 00405cam a22001574a 4500
020 _z9789966707689
050 0 0 _aHD30.28
_b.Y33 2010
100 1 _aYabs, John.
245 1 0 _aStrategic management practices /
_cby John Yabs.
250 _a2nd ed.
260 _aNairobi :
_bLelax Global (K) Ltd.,
_c2010.
300 _axxix, 314 p. :
650 0 _vCase studies.
700 _aYabs john
942 _2lcc
_cGEN
999 _c14111
_d14111